000
00304nam a22001217a 4500
008
180425b xxu||||| |||| 00| 0 eng d
041
_a
eng
080
_a
043.3
100
_a
0
101
_a
SHJ-BTH
245
_a
Korniza ligjore e Kosovës për sektorin e ndërtimtarisë
_c
Grazhdani,D
942
_2
udc
_c
BK
999
_c
45525
_d
45525